Регионална библиотека "Любен Каравелов" - Русе

Името ми е Емилия дел Валие (Запис номер 544964)

MARC детайли
000 -Лидер
Контролно поле с фиксирана дължина 00965nam a2200265 c 4500
003 - Код на организацията, давaща контролен номер
Контролно поле BLK
005 - Дата и час на последна редакция
Контролно поле 20250718105610.0
008 - Елементи от данни с фиксирана дължина
fixed length control field 180408b bul|||||r ||||||| ||bul||
020 ## - Международен стандартен номер на книга ISBN
Международен стандартен номер на книга ISBN 9786190216445
040 ## - Източник на каталожния запис
Идентификатор на билиотеката - собственик на записа BLK
041 ## - Код за език
Код за езика на текст/звукозапис или на отделно заглавие Български
Код за езика КДБФ Български
080 ## - УДК
Текстов определител УДК Чилийска литература
УДК код - определител по УДК 821.134.2(83)
УДК определител -312.6
УДК - код + определител 821.134.2(83)-312.6
100 1# - Редна дума - Автор
Автор Алиенде, Исабел
Авторска отговорност първи автор
R(LIN) 30822
139 ## - Редно поле
Редна дума Алиенде, Исабел
Авторски знак Али - А 54
245 10 - Сведения за заглавието
Заглавие Името ми е Емилия дел Валие
Подзаглавни данни Роман
Редно поле (дума) Исабел Алиенде; прев. от исп. Маня Костова.
257 ## - Страна на издаване
Страна на създаване/издаване Чили
260 ## - Област на издателските данни
Име на издателя, разпространителя и проч. Колибри
Година на издаване 2025
Място на издаване, разпространение и проч. София
300 ## - Физическа характеристика
Страници 344 с.
Размери/Мащаб 20 см
380 ## - Жанр
Жанр Худож. лит.
700 1# - Други автори (авторска отговорност)
Лично име Костова, Маня Асенова
Автороска отговорност (Описва отношението между автора и произведението) прев. от исп.
9 (RLIN) 277900
856 4# - Електронен адрес и достъп
Електронен формат pdf - файл
856 4# - Електронен адрес и достъп
Електронен формат pdf - файл
942 ## - АРТИКУЛИ
Вид на библиотечния материал Книги
Скрит в OPAC Не
Koha issues (borrowed), all copies 47
999 ## - СИСТЕМНИ КОНТРОЛНИ НОМЕРА
Koha biblionumber 544964
Koha biblioitemnumber 544964
944 ## - СЪЗДАВАНЕ И РЕДАКЦИЯ на ЗАПИСА
Създаване/Редакция
Дата на регистрацията/редакция Нора Радева
Служител, извършил регистрацията/редакцията 30530
Статус, дата на статуса Минев Младен
Наличности
Код за отписване Код за изгубен артикул Източник на класификационната схема Код за повреда Код за отдаване Артикулен № Име на библиотеката - собственик Име на библиотеката, в която се намира в момента Статус (Текущо местоположение) Дата на вписване в системата Местоположение - отдел Цена в лева Инвентарен номер Систематично азбучна сигнатура Баркод Цена в евро Служебен тип на артикула
  Не е изгубен Universal Decimal Classification Не е повреден заемане за дома 981618 Регионална библиотека "Любен Каравелов" Русе Регионална библиотека "Любен Каравелов" Русе Заемна - подръчен фонд 2025-07-17 Заемна - подръчен фонд 16.25 120000920943 821-31/А 54 И 120000920943 8.31 Книги
  Не е изгубен Universal Decimal Classification Не е повреден заемане за дома 981619 Регионална библиотека "Любен Каравелов" Русе Регионална библиотека "Любен Каравелов" Русе Заемна - подръчен фонд 2025-07-17 Заемна - подръчен фонд 16.25 120000920942 821-31/А 54 И 120000920942 8.31 Книги
Vip Innovations Ltd, Rousse, Bulgaria 2025